One Direction - Chansons en emojis #2 - Statistiques

Statistiques générales
  • Ce quiz a été pris 10 fois
    9 depuis la dernière actualisation
  • Le résultat moyen est 6 sur 10
Statistiques - réponses
Emojis Chansons % Correct
♾️ Infinity
100%
🐺🐺🐺 Wolves
83%
🔁🫵🎫 Change Your Ticket
67%
🔚🌅 End of the Day
67%
❤️🫵,👋 Love You, Goodbye
67%
🕛🌃💭🔙 Midnight Memories
67%
🤏🤍🤥 Little White Lies
50%
🌃🌙🔁 Night Changes
50%
☕️⏰ A.M.
33%
🚶🏻‍♂️‍➡️➡️🌬️💨 Walking in the Wind
17%
Aucun quiz correspondant
Distribution des résultats
% des personnes avec chaque résultat
Percentile par nombre de réponses
Votre historique - résultats
Vous n’avez pas pris ce quiz depuis la dernière actualisation